[Event "Yerevan Asrian Memorial 14th"]
[Site "Yerevan"]
[Date "2024.04.29"]
[Round "6"]
[White "Korshunov, Sergey And"]
[Black "Shahinyan, David"]
[Result "1/2-1/2"]
[WhiteElo "2286"]
[BlackElo "2441"]
[PlyCount "125"]
[EventDate "2024.04.24"]
[EventType "swiss"]
[EventRounds "9"]
[EventCountry "ARM"]
[SourceTitle "CBM 220 Extra"]
[Source "ChessBase"]
[SourceDate "2024.07.31"]
[SourceVersion "1"]
[SourceVersionDate "2024.07.31"]
[SourceQuality "1"]

1. e4 e6 2. d4 d5 3. e5 Bd7 4. Nf3 a6 5. Be2 Bb5 6. 0-0 Bxe2 7. Qxe2 Ne7 8. Rd1 Nd7 9. b3 Ng6 10. c4 c6 11. Nbd2 Be7 12. Nf1 0-0 13. g3 Re8 14. h4 h6 15. h5 Nh8 16. Bf4 f6 17. Ne3 Nf7 18. Ng4 f5 19. Ne3 Nf8 20. Ng2 Ng5 21. Be3 Ne4 22. Rac1 Ba3 23. Rc2 a5 24. Nd2 Nxd2 25. Bxd2 Be7 26. Nf4 dxc4 27. Qxc4 Bg5 28. Nd3 Bxd2 29. Rdxd2 Qe7 30. Nf4 Nd7 31. Kg2 Rad8 32. Qc3 Ra8 33. Rb2 Nb6 34. Qc5 Ra6 35. Rbc2 Qd7 36. Re2 Qf7 37. Qd6 Raa8 38. Qc5 Ra6 39. Qd6 Raa8 40. Qc5 Nc8 41. Rb2 Ne7 42. b4 axb4 43. Qxb4 Nd5 44. Qxb7 Nxf4+ 45. gxf4 Qxh5 46. Re3 Qf7 47. Rg3 Ra7 48. Qxc6 Rc7 49. Qa4 Rc1 50. Rc2 Qb7+ 51. Rf3 Rc8 52. Qb3 Qd7 53. Rxc8+ Rxc8 54. Rd3 Rd8 55. a4 Kh7 56. Qb5 Qf7 57. Qc6 Rb8 58. d5 Rb1 59. Qxe6 Qh5 60. Rh3 Qg4+ 61. Rg3 Qh5 62. Rh3 Qg4+ 63. Rg3 1/2-1/2

[Event "Yerevan Asrian Memorial 14th"]
[Site "Yerevan"]
[Date "2024.04.28"]
[Round "5"]
[White "Davtyan, Arsen"]
[Black "Shahinyan, David"]
[Result "1/2-1/2"]
[WhiteElo "2421"]
[BlackElo "2441"]
[PlyCount "210"]
[EventDate "2024.04.24"]
[EventType "swiss"]
[EventRounds "9"]
[EventCountry "ARM"]
[SourceTitle "CBM 220 Extra"]
[Source "ChessBase"]
[SourceDate "2024.07.31"]
[SourceVersion "1"]
[SourceVersionDate "2024.07.31"]
[SourceQuality "1"]

1. e4 d6 2. d4 Nf6 3. Nc3 e5 4. Nf3 Nbd7 5. Bc4 Be7 6. 0-0 0-0 7. a4 c6 8. Re1 h6 9. h3 Re8 10. Ba2 exd4 11. Nxd4 Bf8 12. Kh1 d5 13. exd5 Rxe1+ 14. Qxe1 Nb6 15. Bf4 Nfxd5 16. Be5 Qg5 17. Rd1 Nxc3 18. bxc3 Nxa4 19. f4 Qh5 20. Ne2 Nb6 21. Rd3 Bf5 22. Re3 Nd5 23. Ng3 Qg6 24. Nxf5 Qxf5 25. Rf3 Re8 26. Qd2 Qe4 27. Rg3 b5 28. Qd1 Re6 29. Rd3 Rg6 30. Bxd5 cxd5 31. Qd2 Bc5 32. Rxd5 Bb6 33. Rxb5 Re6 34. Rb1 Re8 35. Re1 Qc6 36. Rd1 Rd8 37. Bd4 Qe4 38. Qf2 a5 39. Qh4 Qg6 40. Rb1 Bc7 41. Rb7 Qxc2 42. Rxc7 Rxd4 43. Kh2 Rd2 44. Qg4 a4 45. f5 Rf2 46. Ra7 Qxc3 47. Qe4 Qf6 48. Rxa4 Rxf5 49. Ra8+ Kh7 50. Ra5 g6 51. Rxf5 gxf5 52. Qd5 Qe6 53. Qd4 Kg6 54. Qf4 Qe4 55. Qd6+ Kg7 56. Qg3+ Kf6 57. Qd6+ Qe6 58. Qd8+ Kg7 59. Qd4+ Kg6 60. Qf4 Qe1 61. Qd6+ Kh7 62. Qc7 Qe6 63. Qb8 f6 64. Qa7+ Kg6 65. Qf2 Qe5+ 66. Kh1 f4 67. Qf3 h5 68. Kh2 Kg5 69. Kh1 Qe3 70. Qd5+ Kh4 71. Kh2 Qg3+ 72. Kh1 Qe1+ 73. Kh2 Qe3 74. Qc6 Kg5 75. Qd5+ Qe5 76. Qf3 f5 77. Kh1 Qe1+ 78. Kh2 Qe5 79. Kg1 Qe3+ 80. Kf1 Qc1+ 81. Kf2 Qd2+ 82. Kg1 Qe1+ 83. Kh2 Qe5 84. Kh1 Qe3 85. Qb7 Qe1+ 86. Kh2 Qg3+ 87. Kh1 Qe1+ 88. Kh2 Qe5 89. Qf3 Qd4 90. Qb7 Qd6 91. Qf3 h4 92. Kg1 Qd4+ 93. Kh2 Qe5 94. Kg1 Qe1+ 95. Kh2 Qe5 96. Kh1 Qe4 97. Kg1 Qe3+ 98. Kf1 Qc1+ 99. Kf2 Qc5+ 100. Kf1 Qc4+ 101. Kg1 Kf6 102. Qh5 Qd4+ 103. Kh2 Qf2 104. Qh8+ Ke6 105. Qc8+ Ke5 1/2-1/2

[Event "Yerevan Asrian Memorial 14th"]
[Site "Yerevan"]
[Date "2024.04.26"]
[Round "3"]
[White "Shahinyan, David"]
[Black "Babujian, Levon"]
[Result "1-0"]
[WhiteElo "2441"]
[BlackElo "2338"]
[PlyCount "75"]
[EventDate "2024.04.24"]
[EventType "swiss"]
[EventRounds "9"]
[EventCountry "ARM"]
[SourceTitle "CBM 220 Extra"]
[Source "ChessBase"]
[SourceDate "2024.07.31"]
[SourceVersion "1"]
[SourceVersionDate "2024.07.31"]
[SourceQuality "1"]

1. e4 c5 2. c3 d5 3. exd5 Qxd5 4. d4 Nc6 5. Nf3 e6 6. Na3 cxd4 7. Nb5 Bd6 8. Bc4 Qe4+ 9. Be3 Bb8 10. cxd4 Nf6 11. 0-0 0-0 12. Re1 Qf5 13. Bd3 Qh5 14. h3 Rd8 15. Bg5 a6 16. Bxf6 gxf6 17. Nc3 f5 18. d5 exd5 19. Qb3 d4 20. Nd5 Kh8 21. Nb6 Rg8 22. Bf1 Ra7 23. Nxc8 Rxc8 24. Rac1 Rd8 25. Rc5 Bd6 26. g4 Rg8 27. Bg2 Qg6 28. Rxf5 b5 29. Nh4 Qh6 30. Rh5 Qd2 31. Rd1 Qf4 32. Qc2 f5 33. Rxf5 Qh2+ 34. Kf1 Ne5 35. Qe4 d3 36. Qd4 Rd7 37. Nf3 Bb8 38. Qxd7 1-0

[Event "Yerevan Asrian Memorial 14th"]
[Site "Yerevan"]
[Date "2024.04.25"]
[Round "2"]
[White "Baghdasaryan, Vahe"]
[Black "Shahinyan, David"]
[Result "0-1"]
[WhiteElo "2242"]
[BlackElo "2441"]
[PlyCount "82"]
[EventDate "2024.04.24"]
[EventType "swiss"]
[EventRounds "9"]
[EventCountry "ARM"]
[SourceTitle "CBM 220 Extra"]
[Source "ChessBase"]
[SourceDate "2024.07.31"]
[SourceVersion "1"]
[SourceVersionDate "2024.07.31"]
[SourceQuality "1"]

1. e4 d6 2. d4 Nf6 3. Nc3 e5 4. Nf3 Nbd7 5. Bc4 Be7 6. 0-0 0-0 7. a4 c6 8. Re1 exd4 9. Nxd4 Ne5 10. Ba2 Re8 11. h3 Ng6 12. f4 Bd7 13. Kh1 Qc7 14. f5 Ne5 15. Nf3 h6 16. Nxe5 dxe5 17. Re3 Red8 18. Rg3 Kf8 19. Bxh6 gxh6 20. Qd2 Ng8 21. Rf1 Be8 22. Qe2 Rd6 23. Nd1 Bg5 24. Nf2 Nf6 25. Ng4 Rd2 26. Qf3 Nh5 27. h4 Nxg3+ 28. Qxg3 Bf4 29. Qf3 Qd6 30. g3 h5 31. Nh2 Bh6 32. Qxh5 Bg7 33. Qf3 Rd8 34. g4 Rd1 35. g5 Rxf1+ 36. Nxf1 Qd1 37. Qg2 Qh5 38. Qg3 Rd1 39. Kg1 Qe2 40. Qh3 Kg8 41. f6 Bd7 0-1

[Event "Yerevan Margaryan Memorial GM"]
[Site "Yerevan"]
[Date "2024.01.10"]
[Round "3"]
[White "Shahinyan, David"]
[Black "Babujian, Levon"]
[Result "1-0"]
[WhiteElo "2436"]
[BlackElo "2346"]
[PlyCount "45"]
[EventDate "2024.01.08"]
[EventType "tourn"]
[EventRounds "9"]
[EventCountry "ARM"]
[EventCategory "8"]
[SourceTitle "CBM 218 Extra"]
[Source "ChessBase"]
[SourceDate "2024.03.31"]
[SourceVersion "1"]
[SourceVersionDate "2024.03.31"]
[SourceQuality "1"]

1. e4 c5 2. Nc3 e6 3. f4 Nc6 4. Nf3 d5 5. Bb5 Nge7 6. Ne5 f6 7. Qh5+ g6 8. Nxg6 Nxg6 9. f5 Kf7 10. exd5 exd5 11. 0-0 Bd6 12. Nxd5 Nd4 13. Bc4 b5 14. Bd3 Kg7 15. Be4 Ne5 16. c3 Ndc6 17. d4 Nf7 18. Nf4 Qe8 19. Ne6+ Bxe6 20. Qg4+ Ng5 21. Bxg5 Rg8 22. fxe6 fxg5 23. Rf7+ 1-0

[Event "Yerevan Margaryan Memorial GM"]
[Site "Yerevan"]
[Date "2024.01.08"]
[Round "1"]
[White "Shahinyan, David"]
[Black "Shuvalova, Polina"]
[Result "1-0"]
[WhiteElo "2436"]
[BlackElo "2475"]
[PlyCount "127"]
[EventDate "2024.01.08"]
[EventType "tourn"]
[EventRounds "9"]
[EventCountry "ARM"]
[EventCategory "8"]
[SourceTitle "CBM 218 Extra"]
[Source "ChessBase"]
[SourceDate "2024.03.31"]
[SourceVersion "1"]
[SourceVersionDate "2024.03.31"]
[SourceQuality "1"]

1. e4 e5 2. Nf3 Nc6 3. d4 exd4 4. Nxd4 Nf6 5. Nxc6 bxc6 6. Nd2 Bc5 7. e5 Qe7 8. Qe2 Nd5 9. Nb3 0-0 10. Nxc5 Qxc5 11. c4 Nb6 12. b3 d5 13. exd6 Bg4 14. Qxg4 Qe5+ 15. Kd1 Qxa1 16. Kc2 Qf6 17. Bd3 Qxf2+ 18. Bd2 f5 19. Qh3 cxd6 20. Rf1 Qc5 21. Bxf5 Rxf5 22. Rxf5 d5 23. Bc3 Re8 24. Qg3 g6 25. Re5 Rf8 26. Qg4 Qf2+ 27. Re2 Qf5+ 28. Qxf5 Rxf5 29. cxd5 Nxd5 30. Bd4 a6 31. Re6 Kf7 32. Re2 h5 33. a3 Rf1 34. Rf2+ Rxf2+ 35. Bxf2 Ke6 36. Kd3 Nf4+ 37. Ke4 Nd5 38. Kd4 g5 39. Kc5 Kd7 40. Be1 g4 41. Bd2 Kc7 42. h3 gxh3 43. gxh3 Kd7 44. Bg5 Kc7 45. Bh6 Kd7 46. Bd2 Kc7 47. Be1 Kd7 48. Bg3 Nc3 49. Kb6 Nb5 50. a4 Nd4 51. b4 Nc2 52. Kxa6 Nxb4+ 53. Kb6 Nd5+ 54. Kc5 Kc8 55. Kxc6 Ne7+ 56. Kb6 Nd5+ 57. Ka7 h4 58. Bh2 Ne7 59. a5 Nd5 60. a6 Nb4 61. Kb6 Nd5+ 62. Kc5 Ne3 63. Kc6 Nf5 64. a7 1-0

[Event "Aimchess Play In op"]
[Site "Chess.com INT"]
[Date "2023.06.12"]
[Round "1"]
[White "Shahinyan, David"]
[Black "Kovalev, Vladislav"]
[Result "0-1"]
[WhiteElo "2436"]
[BlackElo "2620"]
[PlyCount "136"]
[EventDate "2023.06.12"]
[EventType "swiss (rapid)"]
[EventRounds "9"]
[EventCountry "USA"]
[SourceTitle "CBM 214 Extra"]
[Source "ChessBase"]
[SourceDate "2023.07.31"]
[SourceVersion "1"]
[SourceVersionDate "2023.07.31"]
[SourceQuality "1"]

1. e4 e5 2. Nf3 Nc6 3. d4 exd4 4. Nxd4 Qf6 5. Nf3 Bb4+ 6. Nbd2 Qg6 7. Bd3 d6 8. 0-0 Bh3 9. Nh4 Qg4 10. Qxg4 Bxg4 11. Nb3 Ne5 12. a3 Bc5 13. Nxc5 dxc5 14. f3 Nxd3 15. cxd3 Be6 16. Be3 0-0-0 17. Bxc5 Rxd3 18. Rfd1 Rxd1+ 19. Rxd1 Nf6 20. g3 b6 21. Be3 Nd7 22. Bd4 f6 23. Ng2 Rd8 24. Ne3 Bb3 25. Rd2 Ne5 26. Kf2 c5 27. Bc3 Rxd2+ 28. Bxd2 Nd3+ 29. Ke2 Nxb2 30. f4 Kd7 31. g4 a5 32. h4 Bf7 33. h5 Na4 34. Kd3 c4+ 35. Kd4 Nc5 36. Be1 Ne6+ 37. Kxc4 Nxf4+ 38. Kb5 Nd3 39. Bg3 Nc5 40. Kxb6 Nxe4 41. Be1 a4 42. Kb5 Bb3 43. Nf5 g6 44. hxg6 hxg6 45. Nh4 g5 46. Nf5 Ke6 47. Ba5 Nd6+ 48. Nxd6 Kxd6 49. Bd8 Ke6 50. Kb4 Bd1 51. Kb5 Kf7 52. Kb4 Kg6 53. Bb6 Bxg4 54. Kxa4 f5 55. Kb4 f4 56. Kc3 Kf5 57. Kd3 Bf3 58. a4 g4 59. a5 Bb7 60. Ke2 g3 61. Kf1 Kg4 62. Kg1 f3 63. Bc5 Ba6 64. Bb6 Kf5 65. Bc5 Ke4 66. Bb6 Kd3 67. Bc7 f2+ 68. Kg2 Ke4 0-1

[Event "ChessKid Cup Play In"]
[Site "Chess.com INT"]
[Date "2023.05.01"]
[Round "1"]
[White "Antipov, Mikhail Al"]
[Black "Shahinyan, David"]
[Result "1-0"]
[WhiteElo "2588"]
[BlackElo "2436"]
[PlyCount "111"]
[EventDate "2023.05.01"]
[EventType "swiss (blitz)"]
[EventRounds "9"]
[EventCountry "USA"]
[SourceTitle "CBM 214 Extra"]
[Source "ChessBase"]
[SourceDate "2023.07.31"]
[SourceVersion "1"]
[SourceVersionDate "2023.07.31"]
[SourceQuality "1"]

1. e4 d6 2. d4 Nf6 3. Nc3 e5 4. dxe5 dxe5 5. Qxd8+ Kxd8 6. Bc4 Ke8 7. f3 a6 8. a4 Bd6 9. Be3 Nbd7 10. Nge2 Ke7 11. Kf2 b6 12. g4 c6 13. Ng3 g6 14. h4 Bb7 15. h5 b5 16. Ba2 Bc5 17. g5 Bxe3+ 18. Kxe3 Ne8 19. hxg6 fxg6 20. Rad1 Nf8 21. Nce2 Bc8 22. f4 exf4+ 23. Nxf4 Ng7 24. Rdf1 Be6 25. Nxe6 Ngxe6 26. Rf6 Rc8 27. e5 Nxg5 28. Ne4 Nd7 29. Nxg5 Nxf6 30. exf6+ Kxf6 31. Ne4+ Kg7 32. Nc5 Rce8+ 33. Kd4 Re2 34. a5 Rd8+ 35. Kc3 Re3+ 36. Kb4 Rd4+ 37. c4 Rd2 38. Rb1 Ree2 39. Nxa6 Rxb2+ 40. Rxb2 Rxb2+ 41. Ka3 Rf2 42. c5 h5 43. Nb4 h4 44. a6 h3 45. a7 Rf3+ 46. Bb3 h2 47. a8Q h1Q 48. Qg8+ Kf6 49. Qd8+ Kg7 50. Qd4+ Kh7 51. Qd7+ Kh6 52. Qd2+ Kh7 53. Nc2 Qb1 54. Nd4 Qa1+ 55. Kb4 Re3 56. Qxe3 1-0

[Event "ChessKid Cup Play In"]
[Site "Chess.com INT"]
[Date "2023.05.01"]
[Round "4"]
[White "Shahinyan, David"]
[Black "Gadimbayli, Abdulla Azar"]
[Result "0-1"]
[WhiteElo "2436"]
[BlackElo "2500"]
[PlyCount "75"]
[EventDate "2023.05.01"]
[EventType "swiss (blitz)"]
[EventRounds "9"]
[EventCountry "USA"]
[SourceTitle "CBM 214 Extra"]
[Source "ChessBase"]
[SourceDate "2023.07.31"]
[SourceVersion "1"]
[SourceVersionDate "2023.07.31"]
[SourceQuality "1"]

1. e4 e5 2. Nf3 d5 3. Nxe5 Bd6 4. d4 dxe4 5. Bc4 Bxe5 6. Qh5 Qe7 7. Qxe5 Qxe5 8. dxe5 Nc6 9. Nc3 Bf5 10. Bf4 Nge7 11. 0-0-0 Ng6 12. Bg3 Ncxe5 13. Bb3 0-0 14. Rhe1 a5 15. a4 Rfe8 16. Nxe4 Bxe4 17. Rxe4 Kf8 18. h4 h5 19. Rd5 f6 20. f3 b6 21. Bxe5 Nxe5 22. f4 Ng6 23. Rxe8+ Rxe8 24. g3 Re3 25. Rd8+ Ke7 26. Rg8 Rxg3 27. Rxg7+ Kd6 28. Kb1 Rg4 29. f5 Nxh4 30. Rf7 Nxf5 31. Rxf6+ Ke5 32. Re6+ Kf4 33. Rc6 Rg7 34. c3 h4 35. Bc2 h3 36. Rf6 Rg5 37. Bxf5 Rxf5 38. Rh6 0-1

[Event "Yerevan Margaryan Memorial GM"]
[Site "Yerevan"]
[Date "2023.01.15"]
[Round "9"]
[White "Shahinyan, David"]
[Black "Pour Agha Bala, Amirreza"]
[Result "0-1"]
[WhiteElo "2432"]
[BlackElo "2496"]
[PlyCount "98"]
[EventDate "2023.01.08"]
[EventType "tourn"]
[EventRounds "9"]
[EventCountry "ARM"]
[EventCategory "9"]
[SourceTitle "CBM 212 Extra"]
[Source "ChessBase"]
[SourceDate "2023.03.31"]
[SourceVersion "1"]
[SourceVersionDate "2023.03.31"]
[SourceQuality "1"]

1. e4 c6 2. d4 d5 3. exd5 cxd5 4. Bd3 Nc6 5. c3 Qc7 6. Ne2 Bg4 7. 0-0 e6 8. Qe1 Nf6 9. Bg5 Bh5 10. f4 Bxe2 11. Qxe2 Bd6 12. Na3 a6 13. b4 h6 14. Bxf6 gxf6 15. Qd2 f5 16. Rac1 Kf8 17. Be2 Rd8 18. Nc2 Ne7 19. Ne1 Ng8 20. Nd3 Nf6 21. Qe3 Rg8 22. Ne5 Ne4 23. Bf3 b5 24. a4 Kg7 25. axb5 axb5 26. Nd3 Kh7 27. Kh1 Ra8 28. Rc2 Ra3 29. Bxe4 dxe4 30. Nc5 Rg4 31. g3 Qc6 32. Rd1 Qd5 33. Nd7 Be7 34. c4 Qxc4 35. Rxc4 Rxe3 36. Rc7 Rg8 37. Nc5 Bxc5 38. dxc5 Kg6 39. Ra7 Rb3 40. c6 Rc8 41. c7 Rd3 42. Rc1 Rd4 43. Rb7 Rc4 44. Rd1 R8xc7 45. Rxb5 Rc2 46. Kg1 Rb2 47. Rc5 Ra7 48. Ra5 Rb7 49. Rd4 h5 0-1

[Event "Yerevan Margaryan Memorial GM"]
[Site "Yerevan"]
[Date "2023.01.13"]
[Round "7"]
[White "Shahinyan, David"]
[Black "Lobanov, Sergei"]
[Result "0-1"]
[WhiteElo "2432"]
[BlackElo "2540"]
[PlyCount "144"]
[EventDate "2023.01.08"]
[EventType "tourn"]
[EventRounds "9"]
[EventCountry "ARM"]
[EventCategory "9"]
[SourceTitle "CBM 212 Extra"]
[Source "ChessBase"]
[SourceDate "2023.03.31"]
[SourceVersion "1"]
[SourceVersionDate "2023.03.31"]
[SourceQuality "1"]

1. e4 c5 2. Nc3 d6 3. f4 Nc6 4. Nf3 g6 5. Bc4 Bg7 6. 0-0 e6 7. d4 cxd4 8. Nb5 Nge7 9. Bb3 a6 10. Nbxd4 Na5 11. Be3 b5 12. Qe1 0-0 13. Rd1 Nxb3 14. axb3 Qc7 15. e5 Nd5 16. Bc1 Bb7 17. Qh4 Rad8 18. Kh1 Ne7 19. Rde1 Rfe8 20. c3 Nf5 21. Qf2 Bd5 22. Be3 Nxe3 23. Rxe3 b4 24. Qe2 Qb6 25. Ra1 Bb7 26. Ng5 h6 27. Ngf3 dxe5 28. fxe5 Rd5 29. Nd2 bxc3 30. bxc3 Ra5 31. Rxa5 Qxa5 32. h3 Bd5 33. N4f3 Rb8 34. c4 Bc6 35. Rd3 Qa3 36. Qe3 a5 37. Kh2 a4 38. bxa4 Qxa4 39. Qf4 Qa5 40. Ne4 Bxe4 41. Qxe4 Qc7 42. Ra3 Rb4 43. Rc3 Qc5 44. Rc2 Rb3 45. Re2 Rc3 46. Qd4 Qxd4 47. Nxd4 Rxc4 48. Nf3 h5 49. g3 Bh6 50. Kg2 g5 51. Ne1 Kg7 52. Nd3 Kg6 53. Nf2 g4 54. hxg4 hxg4 55. Ne4 Rd4 56. Nf6 Bg5 57. Rf2 Be3 58. Re2 Bg5 59. Rf2 Ra4 60. Kh2 Be3 61. Rf1 Ra2+ 62. Kh1 Ra4 63. Kg2 Bb6 64. Re1 Ra2+ 65. Kh1 Ra4 66. Kg2 Bd8 67. Rf1 Bc7 68. Re1 Ra2+ 69. Kh1 Bxe5 70. Nxg4 Bxg3 71. Re3 Bf4 72. Rf3 e5 0-1

[Event "Yerevan Margaryan Memorial GM"]
[Site "Yerevan"]
[Date "2023.01.12"]
[Round "6"]
[White "Daneshvar, Bardiya"]
[Black "Shahinyan, David"]
[Result "1-0"]
[WhiteElo "2500"]
[BlackElo "2432"]
[PlyCount "133"]
[EventDate "2023.01.08"]
[EventType "tourn"]
[EventRounds "9"]
[EventCountry "ARM"]
[EventCategory "9"]
[SourceTitle "CBM 212 Extra"]
[Source "ChessBase"]
[SourceDate "2023.03.31"]
[SourceVersion "1"]
[SourceVersionDate "2023.03.31"]
[SourceQuality "1"]

1. Nf3 d6 2. d4 Nf6 3. c4 g6 4. Nc3 Bg7 5. e4 0-0 6. Be2 Nbd7 7. 0-0 e5 8. Be3 Qe7 9. Qc2 c6 10. d5 c5 11. a3 Kh8 12. b4 b6 13. Rab1 Ng8 14. Bd3 Bh6 15. Nd1 Ndf6 16. bxc5 bxc5 17. Bxh6 Nxh6 18. Qd2 Nfg8 19. Ne1 f5 20. f3 f4 21. Bc2 g5 22. Ba4 a6 23. h3 Nf6 24. Nc3 Nf7 25. Nd3 h5 26. Kf2 g4 27. hxg4 hxg4 28. Rh1+ Kg7 29. Ke2 Ng5 30. Qe1 g3 31. Kd2 Qc7 32. Kc2 Bd7 33. Bxd7 Qxd7 34. Qd2 Qe7 35. Ne2 Kg6 36. Rb6 Rab8 37. Rxb8 Rxb8 38. Nexf4+ exf4 39. Qxf4 Nfh7 40. Qf5+ Kg7 41. Nf4 Qb7 42. Qg6+ Kh8 43. Qf6+ Qg7 44. Ng6+ Kg8 45. Ne7+ Kh8 46. Qxg7+ Kxg7 47. Nf5+ Kf6 48. Nxg3 Rg8 49. Nf5 Ke5 50. Rh6 Nxe4 51. fxe4 Rxg2+ 52. Kb3 Ng5 53. Nxd6 Nf3 54. Re6+ Kd4 55. Nf5+ Kd3 56. d6 Rg8 57. Ka4 Rd8 58. e5 Kxc4 59. Re7 Nd4 60. Ne3+ Kd3 61. Nd5 Nc6 62. Nf4+ Kc4 63. Rc7 Nd4 64. d7 Rf8 65. Ka5 Rd8 66. e6 Rb8 67. e7 1-0

[Event "Yerevan Margaryan Memorial GM"]
[Site "Yerevan"]
[Date "2023.01.10"]
[Round "3"]
[White "Shahinyan, David"]
[Black "Sychev, Klementy"]
[Result "0-1"]
[WhiteElo "2432"]
[BlackElo "2556"]
[PlyCount "124"]
[EventDate "2023.01.08"]
[EventType "tourn"]
[EventRounds "9"]
[EventCountry "ARM"]
[EventCategory "9"]
[SourceTitle "CBM 212 Extra"]
[Source "ChessBase"]
[SourceDate "2023.03.31"]
[SourceVersion "1"]
[SourceVersionDate "2023.03.31"]
[SourceQuality "1"]

1. e4 c5 2. c3 d5 3. exd5 Qxd5 4. d4 Nf6 5. Nf3 Bg4 6. dxc5 Qxd1+ 7. Kxd1 Nc6 8. Be3 Nd5 9. Kc1 e5 10. b4 Bxf3 11. gxf3 a5 12. b5 Nd8 13. Bh3 Nxe3 14. fxe3 Bxc5 15. Kd2 g6 16. Ke2 f5 17. Rd1 Ne6 18. Nd2 Ke7 19. Nc4 Rhc8 20. Rac1 Rd8 21. Nxe5 Ba3 22. Rxd8 Rxd8 23. Rc2 Rc8 24. f4 Bd6 25. Nd3 Nc5 26. Nxc5 Rxc5 27. c4 b6 28. Bg2 Rc8 29. Bd5 Bc5 30. Kf3 Kf6 31. Re2 Re8 32. a4 Re7 33. Bc6 Re6 34. Bb7 Re7 35. Bd5 Re8 36. e4 fxe4+ 37. Bxe4 Re6 38. Rd2 Rd6 39. Bd5 Rd7 40. h4 Bb4 41. Rh2 Re7 42. Be4 Rd7 43. h5 g5 44. h6 gxf4 45. Rh5 Rc7 46. Rf5+ Ke6 47. Rxf4 Bc5 48. Bd5+ Ke5 49. Kg4 Re7 50. Rf5+ Kd4 51. Bg8 Kc3 52. Rxc5 bxc5 53. Kf5 Rb7 54. Kf6 Kb4 55. Bd5 Ra7 56. Ke5 Kxa4 57. Kd6 Kb4 58. b6 Ra6 59. Kc7 a4 60. Be4 a3 61. Bb1 Kb3 62. Kb7 a2 0-1

[Event "ARM-ch 1st League 83rd"]
[Site "Yerevan"]
[Date "2022.01.23"]
[Round "11"]
[White "Shahinyan, David"]
[Black "Gharibyan, Mamikon"]
[Result "1/2-1/2"]
[WhiteElo "2486"]
[BlackElo "2467"]
[PlyCount "98"]
[EventDate "2022.01.12"]
[EventType "tourn"]
[EventRounds "11"]
[EventCountry "ARM"]
[EventCategory "13"]
[SourceTitle "CBM 206 Extra"]
[Source "ChessBase"]
[SourceDate "2022.03.31"]
[SourceVersion "1"]
[SourceVersionDate "2022.03.31"]
[SourceQuality "1"]

1. e4 c5 2. Nc3 Nc6 3. g3 g6 4. Bg2 Bg7 5. d3 e6 6. f4 d6 7. Nf3 Nge7 8. 0-0 Rb8 9. Be3 Nd4 10. e5 Nef5 11. Bf2 dxe5 12. fxe5 b6 13. Ne4 Bb7 14. Nxd4 cxd4 15. g4 Bxe4 16. Bxe4 Qg5 17. Qf3 h5 18. Bxf5 gxf5 19. Qc6+ Kd8 20. Qd6+ Kc8 21. Bg3 hxg4 22. Rxf5 exf5 23. Qc6+ Kd8 24. Re1 Rh6 25. e6 Rxe6 26. Qc7+ Ke8 27. Qxb8+ Qd8 28. Rxe6+ fxe6 29. Qxa7 Bh6 30. Qh7 Qg5 31. Qh8+ Kf7 32. Qxd4 Qc1+ 33. Kg2 Qxc2+ 34. Bf2 Qc6+ 35. Kg1 b5 36. b3 Qc1+ 37. Kg2 Qc6+ 38. Kg1 Bg7 39. Qa7+ Kg6 40. Qc5 Qd7 41. d4 Qb7 42. d5 exd5 43. Qd6+ Kf7 44. Bc5 Bf6 45. Qf8+ Kg6 46. Qg8+ Kh5 47. Qe6 Kg6 48. Qg8+ Kh5 49. Qe6 Kg6 1/2-1/2

[Event "ARM-ch 1st League 83rd"]
[Site "Yerevan"]
[Date "2022.01.21"]
[Round "9"]
[White "Shahinyan, David"]
[Black "Martirosyan, Haik M"]
[Result "0-1"]
[WhiteElo "2486"]
[BlackElo "2621"]
[PlyCount "88"]
[EventDate "2022.01.12"]
[EventType "tourn"]
[EventRounds "11"]
[EventCountry "ARM"]
[EventCategory "13"]
[SourceTitle "CBM 206 Extra"]
[Source "ChessBase"]
[SourceDate "2022.03.31"]
[SourceVersion "1"]
[SourceVersionDate "2022.03.31"]
[SourceQuality "1"]

1. e4 c5 2. Nc3 Nc6 3. Bb5 Nd4 4. Nf3 a6 5. Bd3 e6 6. 0-0 Nc6 7. Nd5 g6 8. Re1 Bg7 9. c3 d6 10. Ne3 Nge7 11. Bc2 e5 12. h4 0-0 13. h5 b5 14. hxg6 fxg6 15. a4 Rb8 16. axb5 axb5 17. d3 h6 18. Bb3+ Kh8 19. Kh2 Na5 20. Rxa5 Qxa5 21. Rh1 Qd8 22. Kg1 Rf6 23. Nh2 h5 24. Nhg4 Rf8 25. Nd5 Nxd5 26. Bxd5 Qe8 27. Ne3 Be6 28. g4 Qf7 29. Qe2 Bh6 30. gxh5 Kg7 31. Bxe6 Qxe6 32. hxg6 Bxe3 33. Rh7+ Kg8 34. Qh5 Bxc1 35. Rh8+ Kg7 36. Rh7+ Kf6 37. d4 cxd4 38. cxd4 d5 39. f3 Bg5 40. f4 Bxf4 41. Ra7 dxe4 42. g7 Rf7 43. Qh8 Qg4+ 44. Kh1 Qd1+ 0-1

[Event "ARM-ch 1st League 83rd"]
[Site "Yerevan"]
[Date "2022.01.19"]
[Round "7"]
[White "Shahinyan, David"]
[Black "Petrosian, Tigran L"]
[Result "0-1"]
[WhiteElo "2486"]
[BlackElo "2573"]
[PlyCount "68"]
[EventDate "2022.01.12"]
[EventType "tourn"]
[EventRounds "11"]
[EventCountry "ARM"]
[EventCategory "13"]
[SourceTitle "CBM 206 Extra"]
[Source "ChessBase"]
[SourceDate "2022.03.31"]
[SourceVersion "1"]
[SourceVersionDate "2022.03.31"]
[SourceQuality "1"]

1. e4 e5 2. Nf3 Nf6 3. Nc3 Bb4 4. Nxe5 0-0 5. Nd3 Bxc3 6. dxc3 Nxe4 7. Nf4 Re8 8. Be3 d6 9. Qf3 Nd7 10. 0-0-0 Ndf6 11. h3 Bd7 12. c4 Bc6 13. Nd5 Bxd5 14. cxd5 c6 15. Bc4 b5 16. Bb3 c5 17. c3 a5 18. Bc2 a4 19. Rhe1 a3 20. Bf4 axb2+ 21. Kxb2 b4 22. cxb4 Qb6 23. Qb3 cxb4 24. Be3 Nc5 25. Qc4 Rec8 26. Bb3 Qa5 27. Bxc5 Rxc5 28. Qe2 Rc3 29. Rd3 Rxb3+ 30. axb3 Qa2+ 31. Kc1 Rc8+ 32. Kd1 Qb1+ 33. Kd2 Qc2+ 34. Ke3 Re8+ 0-1

[Event "ARM-ch 1st League 83rd"]
[Site "Yerevan"]
[Date "2022.01.13"]
[Round "2"]
[White "Shahinyan, David"]
[Black "Mikaelyan, Arman"]
[Result "1/2-1/2"]
[WhiteElo "2486"]
[BlackElo "2508"]
[PlyCount "119"]
[EventDate "2022.01.12"]
[EventType "tourn"]
[EventRounds "11"]
[EventCountry "ARM"]
[EventCategory "13"]
[SourceTitle "CBM 206 Extra"]
[Source "ChessBase"]
[SourceDate "2022.03.31"]
[SourceVersion "1"]
[SourceVersionDate "2022.03.31"]
[SourceQuality "1"]

1. e4 c5 2. Nc3 Nc6 3. Bb5 Nd4 4. Nf3 e6 5. 0-0 a6 6. Bd3 Nc6 7. Nd5 Bd6 8. Ne3 Bc7 9. c3 Nf6 10. Bc2 0-0 11. d4 cxd4 12. Nxd4 b5 13. f4 Nxd4 14. cxd4 d5 15. e5 Ne4 16. f5 exf5 17. Nxf5 Kh8 18. Qf3 f6 19. Bxe4 dxe4 20. Qxe4 Be6 21. exf6 Qxf6 22. Ng3 Qg6 23. Qxg6 hxg6 24. Rxf8+ Rxf8 25. Be3 Bxg3 26. hxg3 Rc8 27. Rd1 Bd5 28. Rd2 Kg8 29. a3 Kf7 30. Bf4 Rc1+ 31. Kh2 Rc4 32. Be5 Be4 33. Re2 Bd5 34. g4 g5 35. Kg3 Rc6 36. Kf2 Bc4 37. Rd2 Bb3 38. d5 Bxd5 39. Bxg7 Be6 40. Bc3 Kg6 41. Kf3 Kf7 42. Ke4 Bxg4 43. Kd5 Rg6 44. Rf2+ Ke8 45. Bf6 Kd7 46. Kc5 Ke6 47. Bc3 Bf5 48. Re2+ Kd7 49. Rd2+ Ke7 50. Be5 g4 51. Bd6+ Kd7 52. Bf4+ Kc8 53. g3 Kb7 54. Kd5 Be6+ 55. Ke5 Bc8 56. Rh2 Rc6 57. Kd4 Kb6 58. Rh7 Rc4+ 59. Ke3 Ka5 60. Rc7 1/2-1/2